Premier League Arsenal's Top Scorers Quiz Stats

 Plays Quiz Updated May 21, 2018

Score 0/31 Timer 08:00
2 Plays Today
Goals Player % Correct
175Thierry Henry
98.2%
87Dennis Bergkamp
89.9%
96Robin van Persie
88.2%
104Ian Wright
83.9%
62Robert Pires
82.3%
59Alexis Sánchez
81.7%
32Mesut Özil
79.6%
35Cesc Fabregas
79.1%
28Patrick Vieira
78.6%
27Pierre-Emerick Aubameyang
77.9%
26Alexandre Lacazette
77.4%
65Theo Walcott
75%
39Aaron Ramsey
72.3%
73Olivier Giroud
71.5%
46Fredrik Ljungberg
67.8%
46Emmanuel Adebayor
62.6%
Goals Player % Correct
25Marc Overmars
58.3%
22Kevin Campbell
57.9%
31Sylvain Wiltord
56.9%
21Ray Parlour
54.9%
23Andrey Arshavin
53.9%
23Nicolas Anelka
53.6%
18Samir Nasri
53.5%
25Santi Cazorla
52%
24Nicklas Bendtner
52%
30Nwankwo Kanu
49.4%
17Gilberto Silva
47.1%
19Lukas Podolski
46%
19Tomas Rosicky
45.3%
22Laurent Koscielny
44.9%
28Paul Merson
37%

You're not logged in!

Compare scores with friends on all Sporcle quizzes.
OR
Log In

Sporcle TV

Today on Sporcle TV


Watch our educational content, quiz creation guides, and fun videos on Sporcle TV.

Show Comments

Extras

Top Quizzes Today


Score Distribution

Your Account Isn't Verified!

In order to create a playlist on Sporcle, you need to verify the email address you used during registration. Go to your Sporcle Settings to finish the process.

Report this User

Report this user for behavior that violates our Community Guidelines.

Details: